¿Qué ciudad en Latinoamérica? - Estadísticas

Estadísticas generales
  • Esta prueba ha sido intentada 5.256 veces
  • La puntuación promedio es 13 de 24
Estadísticas de respuestas
Pista Ciudad % Correcto
Alberga el Cristo Redentor R Río de Janeiro
94%
La única capital con esta letra inicial Q Quito
90%
Su nombre traduce a "Fair Winds" en inglés B Buenos Aires
86%
Pablo Escobar dirigió su cártel desde aquí M Medellín
85%
La ciudad más poblada de Latinoamérica C Ciudad de México
79%
La ciudad más poblada de Sudamérica S Sao Paulo
72%
La ciudad de 10 millones en el Pacífico L Lima
71%
La capital nacional más alta del mundo L La Paz
63%
La ciudad al norte del Río de la Plata M Montevideo
62%
La capital del imperio incaico C Cuzco
61%
De las ciudades grandes en Colombia, es la más septentrional; la ciudad natal de Shakira B Barranquilla
60%
Una capital nacional en la frontera de Argentina A Asunción
57%
Una ciudad planificada en forma de un avión B Brasilia
55%
La ciudad más poblada de Ecuador G Guayaquil
47%
Ubicada cerca de un canal importante C Ciudad de Panamá
45%
Una ciudad turística cerca de las ruinas mayas C Cancún
44%
La capital nacional que comparte su nombre con una ciudad grande en California S San Jose
44%
Limita con San Diego T Tijuana
42%
Una capital caribeño y ciudad europeo más antiguo de América S Santo Domingo
41%
La ciudad más poblada en el Amazonas M Manaus
35%
La ciudad francófona más poblada de Latinoamérica P Puerto Príncipe
31%
La capital del estado de Yucatán M Mérida
30%
Una ciudad grande en un "lago" que comparte su nombre M Maracaibo
23%
De las ciudades grandes, es la más oriental de Latinoamérica R Recife
23%
No se encontraron pruebas coincidentes
Distribución de puntuación
Porcentaje de gente con cada puntuación
Porcentaje por número respondido
Historial de tus puntuaciones
No has intentado esta prueba.